Govt. of
Madhya Pradesh

NDA Exam. (Record no. 49903)

MARC details
000 -LEADER
fixed length control field 00402nam a22001577a 4500
003 - CONTROL NUMBER IDENTIFIER
control field MACL
005 - DATE AND TIME OF LATEST TRANSACTION
control field 20160114125332.0
008 - FIXED-LENGTH DATA ELEMENTS--GENERAL INFORMATION
fixed length control field 150621b xxu||||| |||| 00| 0 eng d
040 ## - CATALOGING SOURCE
Transcribing agency MACL
082 ## - DEWEY DECIMAL CLASSIFICATION NUMBER
Classification number 355
100 ## - MAIN ENTRY--PERSONAL NAME
Personal name Pratiyogita Darpan
9 (RLIN) 167
245 ## - TITLE STATEMENT
Title NDA Exam.
Remainder of title Previous Years' Solved Paper
260 ## - PUBLICATION, DISTRIBUTION, ETC. (IMPRINT)
Place of publication, distribution, etc. Agra
Name of publisher, distributor, etc. Upkar Prakashan
Date of publication, distribution, etc. 2014
650 ## - SUBJECT ADDED ENTRY--TOPICAL TERM
Topical term or geographic name as entry element Militery Science
9 (RLIN) 301
942 ## - ADDED ENTRY ELEMENTS (KOHA)
Source of classification or shelving scheme
Koha item type Books
Call number prefix 355
Holdings
Withdrawn status Lost status Source of classification or shelving scheme Damaged status Not for loan Home library Current library Shelving location Date acquired Cost, normal purchase price Total Checkouts Full call number Barcode Date last seen Date last checked out Price effective from Koha item type
          MACL MACL Reference 21/06/2015 185.00 3 355 DPI000243 26/03/2019 23/03/2019 21/06/2015 Books